000 00886aam a2200301 i 4500
001 76714001
003 CO-MdFUSB
005 20251002174343.0
007 ta
008 251002b1981 xxu||||| |||| 00| 0 eng d
020 _a0-8010-7700-1
040 _aCO-MdFUSB
_bspa
_cCO-MdFUSB
_dCO-MdFUSB
_erda
041 0 _aeng
082 0 4 _223
_a 251
_b R6581b
100 1 _aRobinson, Haddon W.
_eautor
245 1 0 _aBiblical preaching :
_bthe development and delivery of expository messages
_c/ Haddon, W. Robinson
264 1 _bBaker Book House,
_aGrand Rapids, MI., USA :
_c[1981]
264 4 _c©1981
300 _a230 páginas
336 _atexto
_btxt
_2rdacontent
337 _2rdamedia
_asin mediación
_bn
338 _2rdacarrier
_avolumen
_bnc
563 _aPasta dura
650 0 _aPredicación
_954
942 _cBK
945 _aElías Tolentino
999 _c36267
_d36267